| Поле | Инд. | ПП | Название | Значение |
|---|---|---|---|---|
| Тип записи | a | |||
| Библиографический уровень | b | |||
| 001 | Контрольный номер | RU/IS/BASE/113071638 | ||
| 005 | Дата корректировки | 20200630193248.6 | ||
| 084 | a | Индекс другой классификации/Индекс ББК | 60.542.18; 63.3(2)-284.4; 60.73(2Рос)-4; 60.561.7 | |
| 100 | 1_ | a | Автор | Носкова А. В. |
| 245 | a | Заглавие | Забота о престарелых людях в России в прошлом и настоящем: социологический аспект | |
| 504 | a | Библиография | Библиогр. ссылки. - Примеч. | |
| 650 | a | Основная рубрика | демография | |
| a | Основная рубрика | история | ||
| a | Основная рубрика | народонаселение | ||
| a | Основная рубрика | социология | ||
| a | Основная рубрика | социология групп | ||
| a | Основная рубрика | социология социальной помощи | ||
| 653 | a | Ключевые слова | аграрное общество | |
| a | Ключевые слова | геронтология | ||
| a | Ключевые слова | депопуляция | ||
| a | Ключевые слова | индустриальное общество | ||
| a | Ключевые слова | пенсии | ||
| a | Ключевые слова | пенсионное обеспечение | ||
| a | Ключевые слова | пенсионный возраст | ||
| a | Ключевые слова | пожилые люди | ||
| a | Ключевые слова | престарелые люди | ||
| a | Ключевые слова | продолжительность жизни | ||
| a | Ключевые слова | психологическая поддержка | ||
| a | Ключевые слова | Россия | ||
| a | Ключевые слова | семейные отношения | ||
| a | Ключевые слова | семейные традиции | ||
| a | Ключевые слова | семейные ценности | ||
| a | Ключевые слова | семья | ||
| a | Ключевые слова | снижение рождаемости | ||
| a | Ключевые слова | социальная защита | ||
| a | Ключевые слова | социальное положение | ||
| a | Ключевые слова | социальный статус | ||
| a | Ключевые слова | старение населения | ||
| a | Ключевые слова | старость | ||
| 773 | t | Заглавие источника | Вестник Московского университета. Серия 18, Социология и политология | |
| d | Дата издания источника | 2003 | ||
| g | Прочая информация | № 2. - С. 164 - 174 | ||
| w | Контрольный № источника | RU/IS/BASE/111079824 | ||
| 901 | t | Тип документа | b |